[Event "GER-ch (Women)"]
[Site "Ostfildern"]
[Date "2023.08.15"]
[Round "2"]
[White "Wulf, Doris"]
[Black "Wartenberg, Alissa"]
[Result "1/2-1/2"]
[WhiteElo "1522"]
[BlackElo "1825"]
[PlyCount "91"]
[EventDate "2023.08.14"]
[EventType "swiss"]
[EventRounds "9"]
[EventCountry "GER"]
[SourceTitle "CBM 215 Extra"]
[Source "ChessBase"]
[SourceDate "2023.09.30"]
[SourceVersion "1"]
[SourceVersionDate "2023.09.30"]
[SourceQuality "1"]

1. e4 c5 2. Nf3 e6 3. d4 cxd4 4. Nxd4 Nf6 5. Nc3 Nc6 6. Ndb5 Bc5 7. Bf4 0-0 8. Bc7 Qe7 9. Bd6 Bxd6 10. Qxd6 Ne8 11. Qxe7 Nxe7 12. 0-0-0 a6 13. Nd6 Nxd6 14. Rxd6 f5 15. f3 Nc6 16. a3 b5 17. g3 Ne5 18. f4 Nf7 19. Rd2 fxe4 20. Nxe4 d5 21. Nc5 Nd6 22. Bg2 Ra7 23. Re1 Rf6 24. Rde2 Kf7 25. Nd3 Nc4 26. Nc5 g6 27. Bh3 Re7 28. Nb3 Nd6 29. Nd4 Ne4 30. Nc6 Rc7 31. Ne5+ Kg7 32. Bg2 Bb7 33. Ng4 Rf8 34. Bxe4 dxe4 35. Nf2 Rfc8 36. c3 Bd5 37. Nxe4 a5 38. Ng5 b4 39. axb4 axb4 40. Nxe6+ Bxe6 41. Rxe6 bxc3 42. Re7+ Kf8 43. Rxc7 cxb2+ 44. Kxb2 Rxc7 45. Re2 Kg7 46. Rc2 1/2-1/2

[Event "GER-ch (Women)"]
[Site "Magdeburg"]
[Date "2023.07.06"]
[Round "2"]
[White "Wulf, Doris"]
[Black "Graf, Yvonne"]
[Result "1-0"]
[WhiteElo "1508"]
[BlackElo "1294"]
[PlyCount "59"]
[EventDate "2023.07.05"]
[EventType "swiss"]
[EventRounds "7"]
[EventCountry "GER"]
[SourceTitle "CBM 215 Extra"]
[Source "ChessBase"]
[SourceDate "2023.09.30"]
[SourceVersion "1"]
[SourceVersionDate "2023.09.30"]
[SourceQuality "1"]

1. e4 c6 2. Nf3 d5 3. exd5 cxd5 4. d4 Nf6 5. Bd3 e6 6. 0-0 Be7 7. c3 0-0 8. Bf4 b6 9. Ne5 Bb7 10. Nd2 Nbd7 11. Re1 Rc8 12. Ndf3 Re8 13. h3 h6 14. Bb5 a6 15. Ba4 b5 16. Bc2 Nb6 17. Qe2 Nc4 18. Nxc4 dxc4 19. Ne5 Qd5 20. f3 Qd8 21. a4 Ra8 22. b3 Nd5 23. Bd2 cxb3 24. Bxb3 bxa4 25. Bxa4 Bh4 26. Bxe8 Bxe1 27. Bxf7+ Kf8 28. Qxe1 Qd6 29. Qg3 Qe7 30. Ng6+ 1-0

[Event "Norderstedt op"]
[Site "Norderstedt"]
[Date "2013.03.31"]
[Round "6"]
[White "Hein, Jacob"]
[Black "Wulf, Doris"]
[Result "1-0"]
[WhiteElo "1488"]
[BlackElo "1162"]
[PlyCount "89"]
[EventDate "2013.03.28"]
[EventType "swiss"]
[EventRounds "9"]
[EventCountry "GER"]
[SourceTitle "EXT 2015"]
[Source "ChessBase"]
[SourceDate "2014.11.20"]
[SourceVersion "1"]
[SourceVersionDate "2014.11.20"]
[SourceQuality "1"]

1. Nf3 Nf6 2. g3 e6 3. c4 d5 4. cxd5 Nxd5 5. Bg2 Be7 6. 0-0 Nd7 7. a3 0-0 8. e4 N5f6 9. Nc3 a6 10. Qc2 c5 11. Rd1 Qc7 12. d4 cxd4 13. Nxd4 e5 14. Nf5 Bc5 15. Be3 Bxe3 16. Nxe3 b5 17. Rac1 Nb6 18. Qd3 Qe7 19. Qd6 Qxd6 20. Rxd6 Rb8 21. Ncd5 Nbxd5 22. Nxd5 Nxd5 23. exd5 a5 24. Rc5 Bf5 25. b4 axb4 26. axb4 Bd3 27. Bf1 Bxf1 28. Kxf1 h6 29. Ra6 Rfc8 30. Rac6 Rxc6 31. dxc6 Rc8 32. Ke2 Kf8 33. Ke3 Ke7 34. Rxe5+ Kd6 35. Rxb5 Kxc6 36. Rc5+ Kb7 37. Kd4 Rxc5 38. Kxc5 Kc7 39. Kb5 Kb7 40. h4 f5 41. f4 h5 42. Kc5 Kc7 43. Kd5 Kd7 44. Ke5 g6 45. Kf6 1-0

[Event "Rostock SSC 07 op 11th"]
[Site "Rostock"]
[Date "2012.08.05"]
[Round "7"]
[White "Wulf, Doris"]
[Black "Bangert, Ruediger"]
[Result "0-1"]
[WhiteElo "1168"]
[BlackElo "1698"]
[PlyCount "115"]
[EventDate "2012.08.01"]
[EventType "swiss"]
[EventRounds "7"]
[EventCountry "GER"]
[SourceTitle "EXT 2017"]
[Source "ChessBase"]
[SourceDate "2016.10.25"]
[SourceVersion "1"]
[SourceVersionDate "2016.10.25"]
[SourceQuality "1"]

1. c4 Nf6 2. g3 g6 3. Bg2 Bg7 4. e3 0-0 5. Ne2 d6 6. Nbc3 Be6 7. d3 c6 8. 0-0 Nbd7 9. Qc2 Nb6 10. b4 a6 11. Rb1 Qd7 12. Nf4 Bg4 13. h3 e5 14. Nxg6 fxg6 15. hxg4 Qxg4 16. e4 Nbd7 17. Be3 Qe6 18. a3 Ng4 19. Bg5 Ngf6 20. Rbd1 Kh8 21. a4 h6 22. Be3 Ng4 23. Bh3 Nxe3 24. Bxe6 Nxc2 25. Bxd7 Nxb4 26. Rb1 a5 27. Rfd1 Rf7 28. Be6 Rf6 29. Bg4 Raf8 30. Rd2 h5 31. Bd7 R8f7 32. Bc8 Rc7 33. Bh3 Bh6 34. Rdd1 Rf3 35. Bf1 Rcf7 36. Rb2 h4 37. gxh4 R3f4 38. Bg2 Rxh4 39. f3 Be3+ 40. Kf1 Bd4 41. Rb3 Nc2 42. Rdb1 b6 43. Ne2 Bc5 44. Ng1 Ne3+ 45. Kf2 Rfh7 46. Rxb6 Nxc4+ 47. Kg3 Nxb6 48. Nh3 R4h5 49. Kg4 Re7 50. f4 Kg7 51. fxe5 Rexe5 52. Nf4 Rhg5+ 53. Kh3 Bb4 54. Bf3 Nxa4 55. Bg4 Nc3 56. Ne6+ Kf6 57. Nd8 Nxb1 58. Nxc6 0-1

[Event "Rostock SSC 07 op 11th"]
[Site "Rostock"]
[Date "2012.08.03"]
[Round "4"]
[White "Wulf, Doris"]
[Black "Vladov, Mark"]
[Result "0-1"]
[WhiteElo "1168"]
[BlackElo "1842"]
[PlyCount "54"]
[EventDate "2012.08.01"]
[EventType "swiss"]
[EventRounds "7"]
[EventCountry "GER"]
[SourceTitle "EXT 2017"]
[Source "ChessBase"]
[SourceDate "2016.10.25"]
[SourceVersion "1"]
[SourceVersionDate "2016.10.25"]
[SourceQuality "1"]

1. d4 Nf6 2. c4 g6 3. g3 d5 4. Nc3 c6 5. e3 Bg7 6. cxd5 cxd5 7. Bg2 0-0 8. Nge2 Nc6 9. 0-0 b6 10. b3 Ba6 11. Bb2 Nb4 12. Rb1 Re8 13. f4 Rc8 14. a4 Qd7 15. Ba1 Rc7 16. Qd2 Rec8 17. Rfd1 Bxe2 18. Nxe2 Rc2 19. Qxb4 Rxe2 20. Rd3 Rcc2 21. Bf1 Rxh2 22. Bc3 Ne4 23. Be1 Bf8 24. Qa3 Qg4 25. Rc1 Ra2 26. Qb4 Qh5 27. Qb5 Rh1# 0-1